000 00660nam a2200253Ia 4500
003 OSt
005 20220928120931.0
006 a|||||r|||| 00| 0
007 ta
008 220927b |||||||| |||| 00| 0 eng d
024 _a30706
037 _cTextual
040 _aSDCL
_cSDCL
_beng
041 _2eng
_aeng
082 _aL:5238-433, N7
100 _aPitt J I
_9451411
245 0 _aFungi and food spoilage.
250 _a2
260 _aLondon
_bBlackie Academic
_c1997
300 _axii,593p.
_ccm.
700 _a Hocking A D
_9451412
942 _hL:5238-433, N7
_cTEXL
_2CC
999 _c765472
_d765472